The microtine rodents of the Cheetah Room Fauna, Hamilton Cave, West Virginia, and the spontaneous origin of Synaptomys /

Bibliographic Details
Main Author: Repenning, Charles Albert, 1922-
Corporate Author: Geological Survey (U.S.)
Other Authors: Grady, Frederick
Format: Government Document Book
Language:English
Published: [Reston, Va.] : Dept. of the Interior, U.S. Geological Survey ; 1988.
Series:U.S. Geological Survey bulletin ; 1853.
Subjects:

MARC

Tag First Indicator Second Indicator Subfields
LEADER 00000cam a22000008a 4500
001 in00000872012
005 20151019122917.0
008 880712s1988 vauab b f00010 eng
010 |a gp 89008939  
010 |a  88600217  
035 |a (OCoLC)18292738 
035 |9 AEJ3908AM 
040 |a DLC  |c DLC  |d GPO  |d UtOrBLW 
043 |a n-us-wv 
050 0 |a QE75  |b .B9 no. 1853 
074 |a 620 
082 0 |a 557.3 s  |a 569/.323  |2 19 
086 0 |a I 19.3:1853 
092 |a 569.32  |b R 1853 
100 1 |a Repenning, Charles Albert,  |d 1922- 
245 1 4 |a The microtine rodents of the Cheetah Room Fauna, Hamilton Cave, West Virginia, and the spontaneous origin of Synaptomys /  |c by Charles A. Repenning and Frederick Grady. 
264 1 |a [Reston, Va.] :  |b Dept. of the Interior, U.S. Geological Survey ;  |c 1988. 
264 2 |a Denver, CO :  |b For sale by the Books and Open-File Reports Section, 
300 |a iv, 32 pages :  |b illustrations, maps ;  |c 28 cm. 
336 |a text  |b txt  |2 rdacontent 
337 |a unmediated  |b n  |2 rdamedia 
338 |a volume  |b nc  |2 rdacarrier 
490 1 |a U.S. Geological Survey bulletin ;  |v 1853 
500 |a Running title: Microtine rodents, Hamilton Cave, West Virginia. 
500 |a Shipping list number: 89-77-P. 
504 |a Bibliography: pages 27-28. 
650 0 |a Muridae, Fossil  |z West Virginia  |z Hamilton Cave. 
650 0 |a Paleontology  |z West Virginia  |z Hamilton Cave. 
700 1 |a Grady, Frederick. 
710 2 |a Geological Survey (U.S.) 
740 0 |a Microtine rodents, Hamilton Cave, West Virginia. 
830 0 |a U.S. Geological Survey bulletin ;  |v 1853. 
999 |a MARS 
999 f f |s 916bcc30-9090-3529-b0eb-c6d694b918ba  |i 8985df07-3056-337b-9051-862c0674de14  |t 0 
952 f f |p normal  |a Texas A&M University  |b College Station  |c Sterling C. Evans Library  |d Evans: US Documents (Annex 5th floor)  |t 0  |e I 19.3:1849-1854  |h Superintendent of Documents classification  |i unmediated -- volume  |m A14814187170 
952 f f |a Texas A&M University  |b College Station  |c Sterling C. Evans Library  |d Evans: US Documents (Annex 5th floor)  |t 0  |e I 19.3:1849-1854  |h Superintendent of Documents classification 
952 f f |a Texas A&M University  |b College Station  |c Sterling C. Evans Library  |d Halbouty Reading Rm (Halbouty Bldg 173) (Does not check out)  |t 0  |e 569.32 R 1853  |h Dewey Decimal classification 
952 f f |a Texas A&M University  |b College Station  |c Sterling C. Evans Library  |d Evans: US Documents (Annex 5th floor)  |t 0  |e I 19.3:1853  |h Superintendent of Documents classification 
998 f f |a I 19.3:1849-1854  |t 0  |l Evans: US Documents (Annex 5th floor) 
998 f f |a 569.32 R 1853  |t 0  |l Halbouty Reading Rm (Halbouty Bldg 173) (Does not check out) 
998 f f |a I 19.3:1853  |t 0  |l Evans: US Documents (Annex 5th floor)